| 000 | 00968cam a2200229 4500 | ||
|---|---|---|---|
| 001 | WB3803-09 | ||
| 008 | 020122n2002 000 0 eng u | ||
| 035 | _a(Sirsi) u116396 | ||
| 245 | _aNew index to predict prices | ||
| 260 | _c2002 | ||
| 490 |
_aEstates Gazette _v(0203) 19 January 2002, 38(1) |
||
| 520 | _aA new index has been created by property analysts and statisticians who claim it can predict future house prices. It uses computer models that predict future activity based on variations in economic and social trends. This has the advantage of predicting periodic crises in the market and producing estimates of long term value. | ||
| 590 | _aWB | ||
| 650 | _aNATIONWIDE BUILDING SOCIETY | ||
| 650 | _aHALIFAX BUILDING SOCIETY | ||
| 650 | _aHOUSE PRICE MEASUREMENT | ||
| 650 | _aHOUSE PRICE INDICES | ||
| 650 | _aPROPERTY ANALYSTS | ||
| 650 | _aSTATISTICS | ||
| 690 | _aPROPERTY-RESIDENTIAL PROPERTY-RESIDENTIAL PROPERTY MARKET | ||
| 942 | _n0 | ||
| 999 |
_c69324 _d69324 |
||